00422cam a2200181 a 450000100070000000500170000700800410002401000170006502000150008204000160009704100080011308000080012108200120012910000070014110100080014824500540015650400300021051158620180201042649.0850612s1980 enk b 001 0 eng c a 85672758  a0333273451 aMHcMHdDLC aeng a301 2301 REI1 a19 aSHP10aGalbraith and market capitalism /cDavid Reisman. aBibliography: p. 175-177.